000 00208 a2200097 4500
001 1063
100 _aBooker,H.G
245 _aApproach to electrical science
260 _a
_bMcgrawhill
_c
090 _c628
_d628
942 _aNUST-CAE
_cM
_c32800
999 _c236136
_d236136